<The> Quantum Revolution in Microcosm Economics and Technology

Na minha lista:
Detalhes bibliográficos
Autor principal: Gilder, George
Formato: Livro
Idioma:inglês
Publicado em: New York Simon and Schuster 1989
Edição:1. ed.
Tags: Adicionar Tag
Sem tags, seja o primeiro a adicionar uma tag!

MARC

LEADER 00000nam a2200000 4500
001 c033232
005 20221215114347.5
041 0 |a eng 
044 |a US 
245 1 0 |a <The> Quantum Revolution in Microcosm  |b Economics and Technology  |c George Gilder 
250 |a 1. ed. 
264 1 |a New York  |b Simon and Schuster  |c 1989 
300 |a 426 s. 
100 1 |a Gilder, George